Radiological Protection A Summary Handbook of ICRP Publications and Recommendations (Record no. 246276)

MARC details
000 -LEADER
fixed length control field 00585nam a2200205Ia 4500
008 - FIXED-LENGTH DATA ELEMENTS--GENERAL INFORMATION
fixed length control field 240913s9999||||xx |||||||||||||| ||und||
020 ## - INTERNATIONAL STANDARD BOOK NUMBER
International Standard Book Number 81-86514-02-3
082 ## - DEWEY DECIMAL CLASSIFICATION NUMBER
-- 363.1 N5
100 ## - MAIN ENTRY--PERSONAL NAME
Personal name Nagaratnam A
245 #0 - TITLE STATEMENT
Title Radiological Protection A Summary Handbook of ICRP Publications and Recommendations
250 ## - EDITION STATEMENT
Edition statement 1st
260 ## - PUBLICATION, DISTRIBUTION, ETC. (IMPRINT)
Name of publisher, distributor, etc Defence Research and Development Organis
500 ## - GENERAL NOTE
General note REFERENCE
650 ## - SUBJECT ADDED ENTRY--TOPICAL TERM
Topical term or geographic name as entry element Radiological Protection
700 ## - ADDED ENTRY--PERSONAL NAME
Personal name Arunachalam VS
942 ## - ADDED ENTRY ELEMENTS (KOHA)
Item type Reference
Holdings
Withdrawn status Lost status Damaged status Permanent location Current location Shelving location Date acquired Source of acquisition Cost, normal purchase price Full call number Barcode Date last seen Koha item type
      CENTRAL LIBRARY, NOORUL ISLAM CENTRE FOR HIGHER EDUCATION CENTRAL LIBRARY, NOORUL ISLAM CENTRE FOR HIGHER EDUCATION   11/01/2015 DRDO Monograph 350.00 363.1 N5 73075 09/13/2024 Reference
Visitors:
Copyright © 2024 Central Library NICHE.  All rights reserved.